000 01301cam a2200349 a 4500
001 14094599
003 OSt
005 20260428113858.0
008 050831s2006 njua b 001 0 eng
010 _a 2005279918
020 _a9789354644252
035 _a14094599
040 _aDLC
_cDLC
_dDLC
082 0 0 _a510
_bBOA
100 1 _aBoas, Mary L.
_93786
245 1 0 _aMathematical methods in the physical sciences /
_cMary L. Boas.
250 _a3/e
260 _aNew Delhi :
_bWiley India Pvt. Ltd.,
_cc2023.
300 _axvii,869p. :
336 _atext
_btxt
_2rdacontent
337 _aunmediated
_bn
_2rdamedia
338 _avolume
_bnc
_2rdacarrier
500 _aIncludes index.
650 0 _aMathematics
_vTextbooks.
_93787
856 4 2 _3Contributor biographical information
_uhttp://www.loc.gov/catdir/enhancements/fy0626/2005279918-b.html
856 4 2 _3Publisher description
_uhttp://www.loc.gov/catdir/enhancements/fy0626/2005279918-d.html
856 4 1 _3Table of contents only
_uhttp://www.loc.gov/catdir/enhancements/fy0626/2005279918-t.html
906 _a7
_bcbc
_corigcop
_d3
_encip
_f20
_gy-gencatlg
942 _2ddc
_cBK
999 _c1913
_d1913